Vainqueurs d'étape Tour de France 2022 - Statistiques

Statistiques générales
  • Ce quiz a été pris 121 fois
  • Le résultat moyen est 16 sur 21
Statistiques - réponses
Hint Réponse % Correct
Etape 6 Pogacar
99%
Etape 7 Pogacar
99%
Etape 17 Pogacar
99%
Etape 11 Vingegaard
97%
Etape 18 Vingegaard
97%
Etape 4 Van Aert
95%
Etape 8 Van Aert
95%
Etape 20 Van Aert
95%
Etape 19 Laporte
87%
Etape 15 Philipsen
85%
Etape 21 Philipsen
85%
Etape 2 Jakobsen
79%
Etape 1 Lampaert
78%
Etape 10 Cort Nielsen
64%
Etape 12 Pidcock
60%
Etape 3 Groenewegen
58%
Etape 14 Matthews
53%
Etape 13 Pedersen
53%
Etape 16 Houle
52%
Etape 9 Jungels
51%
Etape 5 Clark
50%
Aucun quiz correspondant
Distribution des résultats
% des personnes avec chaque résultat
Percentile par nombre de réponses
Votre historique - résultats
Vous n’avez pas pris ce quiz